Webová aplikácia pre predmet Matematika 4 na Stavebnej fakulte STU

Enregistré dans:
Détails bibliographiques
Auteur principal: Harmady, Miroslav (Auteur)
Autres auteurs: Minarechová, Zuzana (Directeur de thèse)
Format: Manuscrit Livre
Langue:slovaque
Publié: Bratislava : STU v Bratislave FEI, 2023
Sujets:
Accès en ligne:https://opac.crzp.sk/?fn=detailBiblioFormChildKG50G&sid=925BFB95FAA30F229F94CE019F0C&seo=CRZP-detail-kniha
https://opac.crzp.sk/?fn=detailBiblioForm&sid=925BFB95FAA30F229F94CE019F0C
Tags: Ajouter un tag
Pas de tags, Soyez le premier à ajouter un tag!

MARC

LEADER 00000ntm a22000003a 4500
001 stuzp92790
003 SK-STU
005 20241111121458.5
007 ta
008 150427s2015----xo-----f-mn---000-0-slo-d
040 |a STU  |b slo 
041 0 |a slo 
044 |a xo 
100 1 |a Harmady, Miroslav  |u 010220  |4 aut  |U SvF Stavebná fakulta  |T SvF Katedra matematiky a deskriptívnej geometrie  |X 111273  |U V220  |Y 23  |7 111273 
242 0 1 |a Web application for Mathematics 4 at the Faculty of Civil Engineering of SUT  |y eng 
245 1 0 |a Webová aplikácia pre predmet Matematika 4 na Stavebnej fakulte STU 
260 |a Bratislava :  |b STU v Bratislave FEI,  |c 2023 
300 |a 58 s., príl. 
650 4 |a PHP  |2 slo 
650 4 |a Javascript  |2 slo 
650 4 |a Python  |2 slo 
650 4 |a Laravel  |2 slo 
650 4 |a UX  |2 slo 
650 4 |a numerická matematika  |2 slo 
650 4 |a PHP  |2 eng 
650 4 |a Javascript  |2 eng 
650 4 |a Python  |2 eng 
650 4 |a Laravel  |2 eng 
650 4 |a UX  |2 eng 
650 4 |a numerical matemathics  |2 eng 
700 1 |a Minarechová, Zuzana  |u 010220  |k Z1  |4 ths  |U SvF Stavebná fakulta  |T SvF Katedra matematiky a deskriptívnej geometrie  |X 10047  |U V220  |Y 23  |7 A000010047 
856 4 |u https://opac.crzp.sk/?fn=detailBiblioFormChildKG50G&sid=925BFB95FAA30F229F94CE019F0C&seo=CRZP-detail-kniha 
856 4 |u https://opac.crzp.sk/?fn=detailBiblioForm&sid=925BFB95FAA30F229F94CE019F0C